UBT Library

Mechanics of materials / (Record no. 40004)

000 -LEADER
fixed length control field 00566cam a2200217 i 4500
001 - CONTROL NUMBER
control field 4663431
005 - DATE AND TIME OF LATEST TRANSACTION
control field 20180110074112.0
008 - FIXED-LENGTH DATA ELEMENTS--GENERAL INFORMATION
fixed length control field 800828s1981 nyua 001 0 eng
010 ## - LIBRARY OF CONGRESS CONTROL NUMBER
LC control number 80023582
020 ## - INTERNATIONAL STANDARD BOOK NUMBER
International Standard Book Number 0070042845
020 ## - INTERNATIONAL STANDARD BOOK NUMBER
International Standard Book Number 0070042918 (solut. man.)
040 ## - CATALOGING SOURCE
Original cataloging agency DLC
Transcribing agency DLC
Modifying agency DLC
041 ## - LANGUAGE CODE
Language code of text/sound track or separate title eng
080 ## - UNIVERSAL DECIMAL CLASSIFICATION NUMBER
Universal Decimal Classification number 620.112
082 00 - DEWEY DECIMAL CLASSIFICATION NUMBER
Classification number 620.112 BEE
Edition number 19
100 1# - Rafti
Rafti 26
101 ## - Shkurtesa
Shkurtesa MKT
245 10 - TITLE STATEMENT
Title Mechanics of materials /
Statement of responsibility, etc Ferdinand P. Beer, E. Russell Johnston, Jr.
906 ## - LOCAL DATA ELEMENT F, LDF (RLIN)
a 7
b cbc
c orignew
d u
e ocip
f 19
g y-gencatlg
942 ## - ADDED ENTRY ELEMENTS (KOHA)
Source of classification or shelving scheme
Item type Books
Holdings
Withdrawn status Lost status Source of classification or shelving scheme Damaged status Not for loan Collection code Permanent location Current location Shelving location Date acquired Total Checkouts Full call number Barcode Date last seen Price effective from Koha item type
          Koleksioni i përgjithshem UBT - Lipjan UBT - Lipjan Koleksioni i përgjithshem 01/10/2018   620.112 BEE 002-2994860 01/10/2018 01/10/2018 Books
UBT Library © 2015-2024. All rights reserved University Education for Business and Technology